000 00965nam a22003257a 4500
001 BR0502730
003 BR-BrBNA
005 20230928101915.0
007 ta
008 230509b bl.||||| |||| 00| 0 por d
040 _aBR-BrBNA
_bpor
_cBiblioteca Nacional de Agricultura
041 _a(Por)
072 _aQ80; Q02
_b9350
090 _ 9350 BR0502730
100 1 _aSilva, W.A. da
110 1 _aUniversidade Federal de Lavras, MG (Brasil)
_0Tese (Mestrado)
245 1 _aElaboração e caracterização de biofilmes obtidos de diferentes fontes de amido
260 3 _aLavras, MG (Brasil):
_c2005.
300 _a80 p.
500 _aSummaries (Eng, Por); Bibliography p. 71-77; 8 tables; 21 illus.
650 _aBIOFILME
650 _aAMIDO
650 _aFÉCULA
650 _aEMBALAGEM
650 _aACONDICIONAMENTO
650 _aPRESERVAÇÃO DE ALIMENTO
650 _aBIODEGRADAÇÃO
909 _a202309
_bLucia
_c55
_dLucia Elande
942 _cBK
999 _c68160
_d68160